| 000 | 00437nam a2200181Ia 4500 | ||
|---|---|---|---|
| 001 | 13137 | ||
| 005 | 20260306163031.0 | ||
| 008 | 260306t2021||||xx |||||||||||||| ||spa|| | ||
| 041 | _aESP | ||
| 082 |
_a571.6 _bA36I |
||
| 100 |
_aAlberts, Bruce, _eAUT |
||
| 245 | 0 | _aIntroducción a la biología celular | |
| 260 | _c2021 | ||
| 300 |
_axxxii, 734 páginas : _c27 cm. |
||
| 650 | _aGEN | ||
| 654 | _aCCS | ||
| 942 |
_cLIB _dJUS _fJUS _2ddc _n |
||
| 999 |
_c13137 _d13137 |
||